| 000 | 01421nam a2200397Ii 4500 | ||
|---|---|---|---|
| 001 | DIGUJAUI1102 | ||
| 003 | NyNyDIG | ||
| 006 | m o d | ||
| 007 | cr ||||||||||| | ||
| 008 | 140201s2002 sp ob 000 0 spa d | ||
| 020 | _z8480213744; | ||
| 020 | _z9788480213745 | ||
| 035 | _a(OCoLC)888239115 | ||
| 040 |
_aDGITA _beng _epn _cDGITA |
||
| 043 | _ae-fr--- | ||
| 050 | 1 | 4 | _aPQ2603.R35 eBook |
| 100 | 1 | _aCaballero Guiral, Juncal. | |
| 245 | 1 | 3 |
_aLa mujer en el imaginario surreal : _bfiguras femeninas en el universo de André Breton / _cJuncal Caballero Guiral. |
| 264 | 1 |
_aCastelló de la Plana : _bUniversitat Jaume I, _cc2002. |
|
| 300 | _a1 online resource (158 pages) | ||
| 336 |
_atext _btxt _2rdacontent |
||
| 337 |
_acomputer _bc _2rdamedia |
||
| 338 |
_aonline resource _bcr _2rdacarrier |
||
| 490 | 1 |
_aCol·lecció Sendes ; _v2. |
|
| 504 | _aIncludes bibliographical references (p. 153-158). | ||
| 600 | 1 | 0 |
_aBreton, André, _d1896-1966 _xCriticism and interpretation. |
| 650 | 0 | _aWomen in literature. | |
| 650 | 0 |
_aSurrealism (Literature) _zFrance. |
|
| 655 | 0 | _aElectronic books. | |
| 791 | 2 |
_aDigitalia (Firm), _edistributor. |
|
| 830 | 0 |
_aCol·lecció Sendes ; _v2. |
|
| 793 | 0 |
_gDigitalia eBook Collection: _aUniversitat Jaume I. |
|
| 856 | 4 | 0 |
_3Digitalia Hispánica _uhttps://www.digitaliapublishing.com/a/17247/ |
| 910 | _aPremium Collection: 2007-2012 | ||
| 942 | _cRAA | ||
| 999 |
_c235245 _d235245 |
||